000 nam a22 7a 4500
999 _c7765
_d7765
008 171006b xxu||||| |||| 00| 0 eng d
100 _94243
_aPlaha.K.K.etal.
245 _aSelf Study in Biology
260 _aNew Delhi
_bEvergreen
_c2009